Entomology : (Record no. 36953)
[ view plain ]
| 000 -LEADER | |
|---|---|
| fixed length control field | 00956nam a2200301 a 4500 |
| 001 - CONTROL NUMBER | |
| control field | 36953 |
| 003 - CONTROL NUMBER IDENTIFIER | |
| rucl marc code | BD-RjUL |
| 005 - DATE AND TIME OF LATEST TRANSACTION | |
| control field | 20211209052548.0 |
| 008 - FIXED-LENGTH DATA ELEMENTS--GENERAL INFORMATION | |
| fixed length control field | 140924s1990 enk b 001 0 eng |
| 020 ## - INTERNATIONAL STANDARD BOOK NUMBER | |
| International Standard Book Number | 0720120527 |
| 035 ## - SYSTEM CONTROL NUMBER | |
| System control number | (BD-RjUL)37055 |
| 040 ## - CATALOGING SOURCE | |
| Original cataloging agency | DLC |
| Transcribing agency | DLC |
| Modifying agency | DLC |
| -- | BD-RjUL |
| Language of cataloging | eng |
| 041 ## - LANGUAGE CODE | |
| Language code of text/sound track or separate title | eng |
| 082 00 - DEWEY DECIMAL CLASSIFICATION NUMBER | |
| Classification number | 595.70072 |
| Edition number | 20 |
| Author mark and year | GIE 1990 |
| 100 1# - MAIN ENTRY--PERSONAL NAME | |
| Personal name | Gilbert, Pamela, |
| Dates associated with a name | 1932- |
| 9 (RLIN) | 112894 |
| 245 10 - TITLE STATEMENT | |
| Title | Entomology : |
| Remainder of title | a guide to information sources / |
| Statement of responsibility, etc. | Pamela Gilbert and Chris J. Hamilton. |
| 250 ## - EDITION STATEMENT | |
| Edition statement | 2nd ed. |
| 260 ## - PUBLICATION, DISTRIBUTION, ETC. (IMPRINT) | |
| Place of publication, distribution, etc. | London ; |
| -- | New York : |
| Name of publisher, distributor, etc. | Mansell, |
| Date of publication, distribution, etc. | 1990. |
| 300 ## - PHYSICAL DESCRIPTION | |
| Pagination | vi, 259 p. ; |
| Size | 24 cm. |
| 500 ## - GENERAL NOTE | |
| General note | Includes index. |
| 650 #0 - SUBJECT ADDED ENTRY--TOPICAL TERM | |
| Topical term or geographic name as entry element | Entomology |
| General subdivision | Bibliography. |
| 9 (RLIN) | 112895 |
| Topical term or geographic name as entry element | Entomology |
| General subdivision | Information services. |
| 9 (RLIN) | 112896 |
| Topical term or geographic name as entry element | Information storage and retrieval systems |
| General subdivision | Entomology. |
| 9 (RLIN) | 112897 |
| 700 1# - ADDED ENTRY--PERSONAL NAME | |
| Personal name | Hamilton, Chris J. |
| 942 ## - ADDED ENTRY ELEMENTS (KOHA) | |
| Source of classification or shelving scheme | Dewey Decimal Classification |
| Koha item type | Books |
| Lost status | Source of classification or shelving scheme | Damaged status | Not for loan | Collection code | Permanent Location | Current Location | Shelving location | Date acquired | Source of acquisition | Total Checkouts | Full call number | Date last seen | Copy number | Koha item type |
|---|---|---|---|---|---|---|---|---|---|---|---|---|---|---|
| Dewey Decimal Classification | Not For Loan | Non-fiction | Institute of Biological Sciences (IBSc) Library | Institute of Biological Sciences (IBSc) Library | 24/09/2014 | Karim International | 595.70072 GIE 1990 | 24/09/2014 | C-1 | Books | ||||
| Dewey Decimal Classification | Not For Loan | Non-fiction | Institute of Biological Sciences (IBSc) Library | Institute of Biological Sciences (IBSc) Library | 29/09/2014 | 595.70072 GIE 1990 | 29/09/2014 | C-2 | Books |